Pays qui produit plus que les autres (produits divers) - Statistiques

Statistiques générales
  • Ce quiz a été pris 41 fois
  • Le résultat moyen est 10 sur 30
Statistiques - réponses
Produit Pays % Correct
Pétrole États-Unis
79%
Café Brésil
74%
Tournesol Ukraine
74%
Vin Italie
62%
Whisky Royaume-Uni
62%
Huile d'olive Espagne
59%
Fleur Pays-Bas
50%
Fromage Allemagne
44%
Cacao Côte d'Ivoire
44%
Or Chine
38%
Opium Afghanistan
35%
Banane Inde
35%
Huile de palme Indonésie
35%
Cannabis Maroc
35%
Cocaïne Pérou
35%
Uranium Kazakhstan
29%
Cobalt République Démocratique du Congo
29%
Diamant Russie
29%
Cuivre Chili
21%
Lin France
21%
Argent Méxique
21%
Fer Australie
18%
Ananas Costa Rica
18%
Platine Afrique du Sud
15%
Émeraude Colombie
15%
Cheval (viande) Mongolie
15%
Manioc Nigeria
15%
Caoutchouc Thaïlande
15%
Lentille Canada
9%
Poivre Vietnam
9%
Aucun quiz correspondant
Distribution des résultats
% des personnes avec chaque résultat
Percentile par nombre de réponses
Votre historique - résultats
Vous n’avez pas pris ce quiz